Plnenie dlhovej služby v roku 1995

Celková hrubá zadlženosť SR v konvertibilných a nekonvertibilných menách k 31.10.1995. Prehľad plnenia dlhovej služby za január a december 1995 vrátane splátok MMF. Prekročenie medzného úveru v rámci platobného styku SR a ČR. Vývoj devízových rezerv SR.

Guardado en:
Detalles Bibliográficos
Autor principal: Kyjac, Pavol
Formato: Capítulo de libro
Lenguaje:eslovaco
Materias:
Etiquetas: Agregar Etiqueta
Sin Etiquetas, Sea el primero en etiquetar este registro!

MARC

LEADER 00000naa a2200000 4500
001 r020491
005 20221205114658.9
041 0 |a slo 
044 |a SK 
245 1 0 |a Plnenie dlhovej služby v roku 1995  |c P. Kyjac 
520 |a Celková hrubá zadlženosť SR v konvertibilných a nekonvertibilných menách k 31.10.1995. Prehľad plnenia dlhovej služby za január a december 1995 vrátane splátok MMF. Prekročenie medzného úveru v rámci platobného styku SR a ČR. Vývoj devízových rezerv SR. 
610 2 0 |a zadlženosť zahraničná 
610 2 0 |a Slovensko 
610 2 0 |a 1995 
610 2 0 |a dlhy štátne 
610 2 0 |a rezervy devízové 
610 2 0 |a styk platobný 
610 2 0 |a Česko 
100 1 |a Kyjac, Pavol